000 00511nam a2200169 i 4500
001 142218
003 ES-MaACL
005 20230906200455.0
007 t|
008 071003s1974 sp ||||1| spa d
100 1 _aWindle, William F.
_9117068
245 1 0 _aFisiología del feto /
_cWilliam F. Windle ; [versión española Dr. A. Garrido Juan].
260 _aBarcelona :
_bJims,
_c[1974]
300 _a194 p. :
_bil. ;
_c22 cm.
700 1 _aGarrido Juan, A.
_955707
852 _aES-MaACL
_jC-56493
_bR.89198
999 _c142218
_d142218